The missing social contract. Governability and reform in Latin America /
Sparad:
| Huvudupphovsman: | |
|---|---|
| Övriga upphovsmän: | |
| Materialtyp: | Text |
| Taggar: |
Lägg till en tagg
Inga taggar, Lägg till första taggen!
|
MARC
| LEADER | 00000 a a2200000 04500 | ||
|---|---|---|---|
| 001 | 40250 | ||
| 003 | |||
| 040 | |||
| 100 | |a Bresser Pereira, Luis Carlos | ||
| 245 | |a The missing social contract. Governability and reform in Latin America / |c Luis Carlos Besser Pereira; Yosbiaki Nakano | ||
| 700 | |a Nakano, Yosbiaki | ||
| 773 | |g páginas 21-41 | ||
| 999 | |c 38138 |d 38138 | ||
